000
00212nam a22000857a 4500
999
_c
11549
_d
11549
008
190618b ||||| |||| 00| 0 eng d
100
_a
Rein Hard .B.J
_9
7258
245
_a
Sanji's seed
260
_a
Mexico
_b
Log
_c
2000